[Event "UZB-ch"]
[Site "Tashkent"]
[Date "2013.05.10"]
[Round "4"]
[White "Shaymuratov, Inomjon"]
[Black "Faizulaev, Akmal"]
[Result "0-1"]
[WhiteElo "2215"]
[BlackElo "2343"]
[PlyCount "96"]
[EventDate "2013.05.07"]
[EventType "tourn"]
[EventRounds "13"]
[EventCountry "UZB"]
[SourceTitle "EXT 2015"]
[Source "ChessBase"]
[SourceDate "2014.11.20"]
[SourceVersion "1"]
[SourceVersionDate "2014.11.20"]
[SourceQuality "1"]

1. e4 c5 2. Nf3 d6 3. d4 cxd4 4. Nxd4 Nf6 5. Nc3 a6 6. Be3 e5 7. Nb3 Be7 8. Be2 0-0 9. 0-0 Be6 10. Nd5 Bxd5 11. exd5 Nbd7 12. c4 Rc8 13. Rc1 a5 14. Qd2 b6 15. Qd3 Qc7 16. Kh1 Rfe8 17. f4 a4 18. Nd2 exf4 19. Bxf4 Bf8 20. Bd1 Nc5 21. Qh3 g6 22. Bh6 Bxh6 23. Qxh6 Nfe4 24. Bg4 Rcd8 25. Bf3 Nxd2 26. Qxd2 Re5 27. Qc2 Rde8 28. b4 axb3 29. axb3 Re3 30. Rb1 Qe7 31. b4 Nd3 32. Qd2 Qh4 33. c5 bxc5 34. b5 c4 35. b6 c3 36. Qa2 Nb4 37. Qa4 c2 38. Rbc1 Re1 39. b7 Rxf1+ 40. Rxf1 Qe1 41. Qb5 Qxf1+ 42. Qxf1 Nd3 43. Be2 c1Q 44. Bxd3 Qxf1+ 45. Bxf1 Rb8 46. Ba6 Kg7 47. h4 Kf6 48. Be2 Rxb7 0-1

[Event "UZB-ch 1st league"]
[Site "Tashkent"]
[Date "2013.03.23"]
[Round "13"]
[White "Shaymuratov, Inomjon"]
[Black "Golubev, Roman"]
[Result "1-0"]
[WhiteElo "2176"]
[BlackElo "2187"]
[PlyCount "101"]
[EventDate "2013.03.11"]
[EventType "tourn"]
[EventRounds "13"]
[EventCountry "UZB"]
[SourceTitle "EXT 2014"]
[Source "ChessBase"]
[SourceDate "2013.11.20"]
[SourceVersion "1"]
[SourceVersionDate "2013.11.20"]
[SourceQuality "1"]

1. c4 Nf6 2. Nf3 g6 3. g3 Bg7 4. Bg2 d5 5. cxd5 Nxd5 6. 0-0 Nc6 7. d3 0-0 8. Nbd2 h6 9. a3 Nb6 10. Rb1 e5 11. b4 Nd4 12. Bb2 Re8 13. Ne4 c6 14. Nc5 Qe7 15. e3 Nxf3+ 16. Bxf3 Bf5 17. Qb3 Rad8 18. a4 Nc8 19. Rfd1 Nd6 20. b5 Nxb5 21. axb5 Qxc5 22. bxc6 bxc6 23. Ba3 Qb5 24. Qxb5 cxb5 25. Bc6 Bd7 26. Bxb5 Bxb5 27. Rxb5 Rd7 28. Kf1 Rc8 29. Ke2 Rcd8 30. Ra5 Rc8 31. Rd2 Rcc7 32. Bb4 f6 33. Ra6 Rf7 34. Bd6 Rb7 35. Rc2 Rfd7 36. Rc8+ Kf7 37. Rb8 Rb6 38. Raxb6 axb6 39. Rxb6 Ra7 40. Kf3 Rd7 41. Ke4 Ra7 42. f4 f5+ 43. Kd5 exf4 44. gxf4 Bf6 45. d4 Be7 46. Bc5 Rc7 47. Ra6 Bh4 48. Kd6 Rb7 49. Kc6 Rb3 50. Ra7+ Kg8 51. d5 1-0

[Event "UZB-ch 1st league"]
[Site "Tashkent"]
[Date "2013.03.22"]
[Round "12"]
[White "Rahman, Adel"]
[Black "Shaymuratov, Inomjon"]
[Result "1/2-1/2"]
[WhiteElo "2112"]
[BlackElo "2176"]
[PlyCount "38"]
[EventDate "2013.03.11"]
[EventType "tourn"]
[EventRounds "13"]
[EventCountry "UZB"]
[SourceTitle "EXT 2014"]
[Source "ChessBase"]
[SourceDate "2013.11.20"]
[SourceVersion "1"]
[SourceVersionDate "2013.11.20"]
[SourceQuality "1"]

1. e4 e5 2. Nf3 Nc6 3. Bb5 a6 4. Bxc6 dxc6 5. 0-0 Bg4 6. h3 Bxf3 7. Qxf3 Qd7 8. d3 Bc5 9. Be3 Bxe3 10. Qxe3 Ne7 11. Nc3 Qd6 12. f4 exf4 13. Qxf4 Qxf4 14. Rxf4 f6 15. Raf1 0-0 16. g4 Ng6 17. Rf5 Ne7 18. R5f4 Ng6 19. Rf5 Ne7 1/2-1/2

[Event "UZB-ch 1st league"]
[Site "Tashkent"]
[Date "2013.03.15"]
[Round "5"]
[White "Tillyaev, Ulugbek"]
[Black "Shaymuratov, Inomjon"]
[Result "0-1"]
[WhiteElo "2233"]
[BlackElo "2176"]
[PlyCount "92"]
[EventDate "2013.03.11"]
[EventType "tourn"]
[EventRounds "13"]
[EventCountry "UZB"]
[SourceTitle "EXT 2014"]
[Source "ChessBase"]
[SourceDate "2013.11.20"]
[SourceVersion "1"]
[SourceVersionDate "2013.11.20"]
[SourceQuality "1"]

1. e4 e6 2. d4 d5 3. Nc3 Bb4 4. e5 c5 5. Bd2 cxd4 6. Nb5 Bf8 7. Qg4 Bd7 8. Nd6+ Bxd6 9. Qxg7 Bxe5 10. Qxe5 Qf6 11. Qc7 Nc6 12. Nf3 Rc8 13. Qd6 Qe7 14. Qg3 Nf6 15. Qh4 Ne4 16. Qxe7+ Kxe7 17. Bb5 Rhg8 18. g3 Ne5 19. Nxe5 Bxb5 20. f3 Nd6 21. a4 Ba6 22. Rc1 f6 23. Ng4 h5 24. Nf2 Nf5 25. Bb4+ Kf7 26. Kd2 e5 27. Rhe1 h4 28. g4 Ne3 29. b3 Ng2 30. Rg1 Nf4 31. Rge1 Ne6 32. Nh3 b6 33. Rg1 e4 34. fxe4 dxe4 35. c4 dxc3+ 36. Rxc3 Rgd8+ 37. Kc2 Rxc3+ 38. Bxc3 Rd3 39. Nf2 Rf3 40. Nd1 e3 41. Be1 Nd4+ 42. Kb2 Rh3 43. Bc3 Rxh2+ 44. Ka3 Nf3 45. Nxe3 Nxg1 46. Nd5 Rc2 0-1

[Event "UZB-ch 1st league"]
[Site "Tashkent"]
[Date "2013.03.14"]
[Round "4"]
[White "Shaymuratov, Inomjon"]
[Black "Begmuratov, Alisher"]
[Result "1-0"]
[WhiteElo "2176"]
[BlackElo "2178"]
[PlyCount "73"]
[EventDate "2013.03.11"]
[EventType "tourn"]
[EventRounds "13"]
[EventCountry "UZB"]
[SourceTitle "EXT 2014"]
[Source "ChessBase"]
[SourceDate "2013.11.20"]
[SourceVersion "1"]
[SourceVersionDate "2013.11.20"]
[SourceQuality "1"]

1. e4 c6 2. d4 d5 3. exd5 cxd5 4. c4 Nf6 5. Nc3 Nc6 6. Bg5 dxc4 7. d5 Ne5 8. Qd4 Ned7 9. Bxc4 g6 10. Nf3 Bg7 11. 0-0 0-0 12. Qh4 Nb6 13. Bb3 Qd6 14. Rad1 Re8 15. Rfe1 Bd7 16. Bf4 Qb4 17. Rd4 Qa5 18. Be5 Bf5 19. g4 Bd7 20. Ng5 Nc8 21. Nxf7 Nd6 22. Ng5 h6 23. Ne6 g5 24. Qg3 Qb6 25. h4 Nf7 26. Nxg7 Kxg7 27. hxg5 hxg5 28. d6 Bc6 29. dxe7 Rh8 30. Ne4 Bxe4 31. Rdxe4 Rae8 32. Bd4 Qc6 33. Qc3 Qd6 34. Bxf6+ Qxf6 35. Qxf6+ Kxf6 36. Re6+ Kg7 37. Ba4 1-0

[Event "UZB-ch 1st league"]
[Site "Tashkent"]
[Date "2013.03.11"]
[Round "1"]
[White "Alikulov, Elbek"]
[Black "Shaymuratov, Inomjon"]
[Result "0-1"]
[WhiteElo "2192"]
[BlackElo "2176"]
[PlyCount "106"]
[EventDate "2013.03.11"]
[EventType "tourn"]
[EventRounds "13"]
[EventCountry "UZB"]
[SourceTitle "EXT 2014"]
[Source "ChessBase"]
[SourceDate "2013.11.20"]
[SourceVersion "1"]
[SourceVersionDate "2013.11.20"]
[SourceQuality "1"]

1. e4 e5 2. Nf3 Nc6 3. Bb5 Bc5 4. c3 Nf6 5. 0-0 0-0 6. d4 Bb6 7. Bg5 d6 8. a4 a5 9. Re1 h6 10. Bh4 Qe7 11. h3 Nd8 12. Nbd2 g5 13. Bg3 c6 14. Bf1 Bc7 15. dxe5 dxe5 16. Nc4 Nd7 17. Qc2 Qf6 18. Rad1 Re8 19. Rd2 Qe7 20. Red1 f6 21. Nd4 Nf8 22. Nf5 Bxf5 23. exf5 Kg7 24. Qb3 Rb8 25. f3 b6 26. Nd6 Bxd6 27. Rxd6 Qc7 28. Bf2 Nf7 29. R6d2 Red8 30. Rxd8 Nxd8 31. Bc4 c5 32. Qb5 Nb7 33. Bb3 Nd6 34. Rxd6 Qxd6 35. Qc4 Nh7 36. Qf7+ Kh8 37. Kh2 Rd8 38. Bg3 Qd7 39. Qc4 Qxf5 40. Qb5 Rb8 41. Bd5 Qc8 42. Be4 Qc7 43. Qc4 Re8 44. b4 Nf8 45. bxa5 bxa5 46. Qb5 Rb8 47. Qa6 Kg7 48. Bf5 Rb2 49. Qc4 Qd6 50. Bd3 Rd2 51. Bb1 Qd5 52. Qg4 Rb2 53. Qf5 Qd2 0-1

[Event "Tashkent Hokim Cup 4th"]
[Site "Tashkent"]
[Date "2012.08.04"]
[Round "7"]
[White "Shaymuratov, Inomjon"]
[Black "Badalyan, Shavarsh"]
[Result "1/2-1/2"]
[WhiteElo "2160"]
[BlackElo "2024"]
[PlyCount "66"]
[EventDate "2012.07.29"]
[EventType "swiss"]
[EventRounds "9"]
[EventCountry "UZB"]
[SourceTitle "EXT 2024"]
[Source "ChessBase"]
[SourceDate "2023.10.10"]
[SourceVersion "1"]
[SourceVersionDate "2023.10.10"]
[SourceQuality "1"]

1. e4 c5 2. Nf3 e6 3. c4 a6 4. Nc3 Qc7 5. Be2 Nc6 6. 0-0 Nf6 7. d4 cxd4 8. Nxd4 Bb4 9. Qd3 0-0 10. Nxc6 dxc6 11. Bg5 Bxc3 12. bxc3 Qe5 13. Bxf6 Qxf6 14. Rfd1 e5 15. c5 Be6 16. Qd6 Rac8 17. Qd2 Rfd8 18. Qb2 Rc7 19. Rd6 Rxd6 20. cxd6 Rd7 21. Rd1 Qd8 22. c4 Rxd6 23. Rxd6 Qxd6 24. Qxb7 h6 25. Qxa6 Qd4 26. a4 c5 27. Qb5 Bg4 28. Bf1 Qa1 29. Qe8+ Kh7 30. Qxf7 Be2 31. Qf5+ Kh8 32. Qc8+ Kh7 33. Qf5+ Kh8 1/2-1/2

[Event "Tashkent Hokim Cup 4th"]
[Site "Tashkent"]
[Date "2012.08.03"]
[Round "6"]
[White "Shaymuratov, Inomjon"]
[Black "Ziatdinov, Raset"]
[Result "0-1"]
[WhiteElo "2160"]
[BlackElo "2385"]
[PlyCount "138"]
[EventDate "2012.07.29"]
[EventType "swiss"]
[EventRounds "9"]
[EventCountry "UZB"]
[SourceTitle "EXT 2024"]
[Source "ChessBase"]
[SourceDate "2023.10.10"]
[SourceVersion "1"]
[SourceVersionDate "2023.10.10"]
[SourceQuality "1"]

1. Nf3 d5 2. g3 Nf6 3. Bg2 Nbd7 4. 0-0 e5 5. d3 Be7 6. Nbd2 0-0 7. e4 dxe4 8. dxe4 b6 9. b3 Ba6 10. Re1 Bc5 11. h3 Qe7 12. c3 Rfd8 13. b4 Bd6 14. Qb3 c5 15. b5 Bb7 16. Nh4 g6 17. Nc4 a6 18. bxa6 Bxa6 19. Bg5 Bxc4 20. Qxc4 Nf8 21. Reb1 Bc7 22. a4 Ne6 23. Be3 Qd7 24. Nf3 Qd3 25. Nd2 Rab8 26. Bf1 Qd7 27. Qb3 h5 28. Qc2 h4 29. Nf3 hxg3 30. fxg3 Nh5 31. Kf2 Kg7 32. Rd1 Qe7 33. Rxd8 Rxd8 34. Bc4 Rh8 35. Rf1 Nf6 36. Kg2 Qd7 37. Bxe6 Qxe6 38. Ng5 Qc4 39. Rf2 Ra8 40. Qd1 Qxa4 41. Qf3 Bd8 42. g4 Qc4 43. Kh2 Ra2 44. Bd2 Ra7 45. Qe3 Rd7 46. Nf3 Nxe4 47. Qh6+ Kg8 48. Nxe5 Qe6 49. Nxd7 Qxd7 50. Re2 Bc7+ 51. Bf4 Nxc3 52. Rf2 Qd4 53. Rf1 Qe3 54. Kg2 Qe4+ 55. Rf3 Bd8 56. Bd6 Qe2+ 57. Rf2 Qe8 58. Qf4 Ne2 59. Qe5 Qc6+ 60. Kh2 Nd4 61. Kg3 Ne6 62. Rd2 Qa4 63. Rf2 Qd1 64. Rg2 Bg5 65. Rf2 Qg1+ 66. Rg2 Bh4+ 67. Kxh4 Qxg2 68. Qg3 g5+ 69. Kh5 Qe4 0-1

[Event "Agzamov Memorial 04th"]
[Site "Tashkent"]
[Date "2010.03.23"]
[Round "1"]
[White "Shaymuratov, Inomjon"]
[Black "Mchedlishvili, Mikheil"]
[Result "0-1"]
[WhiteElo "2182"]
[BlackElo "2634"]
[PlyCount "80"]
[EventDate "2010.03.23"]
[EventType "swiss"]
[EventRounds "9"]
[EventCountry "UZB"]
[SourceTitle "CBM 135 Extra"]
[Source "ChessBase"]
[SourceDate "2010.05.04"]
[SourceVersion "1"]
[SourceVersionDate "2010.05.04"]
[SourceQuality "1"]

1. e4 c5 2. Nf3 e6 3. c4 a6 4. Nc3 Qc7 5. Be2 Nf6 6. 0-0 Nc6 7. d4 cxd4 8. Nxd4 Bd6 9. Kh1 Bb4 10. f3 0-0 11. Be3 Bxc3 12. bxc3 d6 13. Rb1 Ne5 14. Qb3 Ned7 15. Rfd1 b6 16. Nc2 Rb8 17. Qb4 Ne8 18. a4 a5 19. Qa3 Ba6 20. Qa2 Nef6 21. Nd4 Nc5 22. Rd2 Rfc8 23. Rbd1 h6 24. Qa3 Ncd7 25. Nb5 Bxb5 26. axb5 Ne8 27. Bf4 Qc5 28. Bxd6 Nxd6 29. Qxc5 Nxc5 30. Rxd6 Kf8 31. Kg1 Ke7 32. Kf2 Rd8 33. R6d4 Nb3 34. Rxd8 Rxd8 35. Rxd8 Kxd8 36. Ke3 Kc7 37. e5 a4 38. Bd1 Nc5 39. Kd2 a3 40. Kc2 Na4 0-1

[Event "UZB-ch U20"]
[Site "Navbahor"]
[Date "2009.09.14"]
[Round "10"]
[White "Khoroshev, Nikita"]
[Black "Shaymuratov, Inomjon"]
[Result "1/2-1/2"]
[WhiteElo "2208"]
[BlackElo "2237"]
[PlyCount "146"]
[EventDate "2009.09.05"]
[EventType "tourn"]
[EventRounds "13"]
[EventCountry "UZB"]
[SourceTitle "CBM 132 Extra"]
[Source "ChessBase"]
[SourceDate "2009.11.03"]
[SourceVersion "1"]
[SourceVersionDate "2009.11.03"]
[SourceQuality "1"]

1. d4 e6 2. c4 f5 3. Nf3 Nf6 4. g3 b6 5. Bg2 Bb7 6. 0-0 Be7 7. d5 exd5 8. Nd4 g6 9. cxd5 c5 10. dxc6 Nxc6 11. Nc3 Nxd4 12. Bxb7 Rb8 13. Bg2 Ne6 14. Nb5 a6 15. Nd6+ Bxd6 16. Qxd6 Kf7 17. Rd1 Qe7 18. b3 Rhd8 19. Qxe7+ Kxe7 20. Ba3+ d6 21. Rac1 Nc5 22. b4 Nce4 23. f3 Ng5 24. Rc6 Nf7 25. f4 Rdc8 26. Rdc1 Rxc6 27. Bxc6 Nd8 28. Bf3 Kd7 29. e3 Ne6 30. Bc6+ Ke7 31. Bb2 Rc8 32. Bxf6+ Kxf6 33. Rc2 d5 34. Ba4 Rxc2 35. Bxc2 Nc7 36. Bd3 a5 37. bxa5 bxa5 38. Kf2 Ke6 39. g4 fxg4 40. Kg3 Kf6 41. Kxg4 Ne8 42. Bb5 Nd6 43. Bc6 Nc4 44. Kf3 Ke6 45. Ke2 Nd6 46. Kd3 Nf5 47. Bb7 Kd6 48. Bc8 Ne7 49. Bg4 Nc6 50. a3 g5 51. Bf5 h6 52. Bh7 Na7 53. a4 Nc8 54. Kd4 Ne7 55. Bc2 Nc6+ 56. Kc3 Nb4 57. Bg6 Nc6 58. Bf7 Ne7 59. Be8 Nf5 60. Kd3 Nh4 61. Bh5 Nf5 62. fxg5 hxg5 63. e4 Ne7 64. Bf3 Ke5 65. exd5 g4 66. Bxg4 Nxd5 67. Kc4 Ne3+ 68. Kb5 Nxg4 69. h4 Kd5 70. Kxa5 Kc5 71. Ka6 Kc6 72. h5 Nh6 73. a5 Nf5 1/2-1/2

[Event "UZB-ch U20"]
[Site "Navbahor"]
[Date "2009.09.10"]
[Round "6"]
[White "Shaymuratov, Inomjon"]
[Black "Aripov, Iskandar"]
[Result "1-0"]
[WhiteElo "2237"]
[BlackElo "1973"]
[PlyCount "89"]
[EventDate "2009.09.05"]
[EventType "tourn"]
[EventRounds "13"]
[EventCountry "UZB"]
[SourceTitle "CBM 132 Extra"]
[Source "ChessBase"]
[SourceDate "2009.11.03"]
[SourceVersion "1"]
[SourceVersionDate "2009.11.03"]
[SourceQuality "1"]

1. e4 c5 2. Nf3 Nc6 3. d4 cxd4 4. Nxd4 g6 5. Nxc6 bxc6 6. Bd3 Bg7 7. Nd2 Nf6 8. 0-0 d5 9. Rb1 0-0 10. Qe2 Qc7 11. b3 c5 12. Bb2 d4 13. f4 Bg4 14. Qf2 Bd7 15. Qh4 Ng4 16. Nc4 Be6 17. f5 Bxc4 18. fxg6 hxg6 19. Qxg4 Be6 20. Qh4 Bf6 21. Qh6 Bg7 22. Qg5 Be5 23. Bc1 Rfb8 24. Bf4 Bxf4 25. Rxf4 Kg7 26. Rbf1 Rh8 27. e5 Raf8 28. h4 Rh5 29. Rxf7+ Bxf7 30. Rxf7+ Rxf7 31. Qxg6+ Kf8 32. Qxh5 Rg7 33. Bc4 e6 34. Bxe6 Ke7 35. Qf5 Qb7 36. Qf6+ Ke8 37. Bd5 Qe7 38. Qc6+ Qd7 39. Qxc5 Qg4 40. Qc6+ Ke7 41. Qf6+ Kd7 42. Be6+ Qxe6 43. Qxg7+ Ke8 44. Qf6 Qg4 45. e6 1-0

[Event "UZB-ch U20"]
[Site "Navbahor"]
[Date "2009.09.09"]
[Round "5"]
[White "Faizulaev, Akmal"]
[Black "Shaymuratov, Inomjon"]
[Result "1/2-1/2"]
[WhiteElo "2306"]
[BlackElo "2237"]
[PlyCount "62"]
[EventDate "2009.09.05"]
[EventType "tourn"]
[EventRounds "13"]
[EventCountry "UZB"]
[SourceTitle "CBM 132 Extra"]
[Source "ChessBase"]
[SourceDate "2009.11.03"]
[SourceVersion "1"]
[SourceVersionDate "2009.11.03"]
[SourceQuality "1"]

1. d4 Nf6 2. Nf3 e6 3. c4 b6 4. a3 Be7 5. Nc3 Bb7 6. d5 0-0 7. g3 d6 8. Bg2 a5 9. 0-0 e5 10. Bd2 Ba6 11. b3 Nbd7 12. Qc2 Ne8 13. e4 g6 14. Bh6 Ng7 15. Bh3 Kh8 16. Nb5 Nf6 17. b4 Bc8 18. Bxc8 Qxc8 19. Kg2 Nfh5 20. c5 f5 21. cxd6 cxd6 22. Rac1 fxe4 23. Qxe4 Qd7 24. Nc7 Rac8 25. Ne6 Nxe6 26. dxe6 Qxe6 27. Bxf8 Rxf8 28. Rcd1 axb4 29. axb4 Nf6 30. Ng5 Qd7 31. Qf3 Ng4 1/2-1/2

[Event "UZB-ch U20"]
[Site "Navbahor"]
[Date "2009.09.08"]
[Round "4"]
[White "Shaymuratov, Inomjon"]
[Black "Vakhidov, Jahongir"]
[Result "0-1"]
[WhiteElo "2237"]
[BlackElo "2237"]
[PlyCount "116"]
[EventDate "2009.09.05"]
[EventType "tourn"]
[EventRounds "13"]
[EventCountry "UZB"]
[SourceTitle "CBM 132 Extra"]
[Source "ChessBase"]
[SourceDate "2009.11.03"]
[SourceVersion "1"]
[SourceVersionDate "2009.11.03"]
[SourceQuality "1"]

1. e4 c5 2. Nf3 d6 3. d4 cxd4 4. Nxd4 Nf6 5. f3 g6 6. c4 Bg7 7. Nc3 0-0 8. Be3 Nc6 9. Qd2 Bd7 10. Be2 Nxd4 11. Bxd4 Bc6 12. 0-0 Nd7 13. Be3 a5 14. Rfd1 Nc5 15. b3 Qb6 16. Rac1 Rfc8 17. Bf1 a4 18. bxa4 Bxa4 19. Rb1 Qa7 20. Nd5 b6 21. Rdc1 Rcb8 22. Rb4 Bc6 23. Rcb1 Bxd5 24. cxd5 Qxa2 25. Qxa2 Rxa2 26. Rxb6 Rxb6 27. Rxb6 f5 28. exf5 gxf5 29. Bb5 Kf7 30. Rb8 Bf6 31. h3 Kg7 32. Kh2 Rb2 33. Kg3 Nd3 34. Bxd3 Rxb8 35. Bxf5 Be5+ 36. f4 Bf6 37. Kf3 Rb3 38. Kf2 Bh4+ 39. Ke2 Bg3 40. Kf3 h5 41. Be6 h4 42. Ke4 Rb4+ 43. Kf5 Kf8 44. Kg4 Rb3 45. Bd4 Rd3 46. Ba1 Rd2 47. f5 Rxg2 48. Kf3 Ra2 49. Bh8 Ra4 50. Bb2 Rf4+ 51. Ke3 Rb4 52. Bh8 Be5 53. Bxe5 dxe5 54. f6 exf6 55. d6 Rd4 56. d7 Ke7 57. Bf5 Rxd7 58. Kf3 Rd4 0-1

[Event "UZB-ch U20"]
[Site "Navbahor"]
[Date "2009.09.07"]
[Round "3"]
[White "Kasyan, Aleksandr"]
[Black "Shaymuratov, Inomjon"]
[Result "1-0"]
[WhiteElo "2304"]
[BlackElo "2237"]
[PlyCount "79"]
[EventDate "2009.09.05"]
[EventType "tourn"]
[EventRounds "13"]
[EventCountry "UZB"]
[SourceTitle "CBM 132 Extra"]
[Source "ChessBase"]
[SourceDate "2009.11.03"]
[SourceVersion "1"]
[SourceVersionDate "2009.11.03"]
[SourceQuality "1"]

1. d4 Nf6 2. c4 c5 3. d5 b5 4. Nf3 d6 5. a4 bxc4 6. Nc3 g6 7. e4 Ba6 8. Nd2 Qa5 9. Qc2 Bg7 10. Be2 Nbd7 11. 0-0 Ne5 12. f4 Nd3 13. Nxc4 Bxc4 14. Bxd3 Qb4 15. e5 dxe5 16. fxe5 Ng4 17. Bxc4 0-0 18. Qe4 Nxe5 19. Bb5 a6 20. Be2 Rfd8 21. Bf4 Qxe4 22. Nxe4 Rxd5 23. Rad1 Rad8 24. Nxc5 Nc6 25. Rxd5 Rxd5 26. Nxa6 Bxb2 27. Bf3 Ra5 28. Bxc6 Rxa6 29. Bb5 Bd4+ 30. Kh1 Ra7 31. Rd1 e5 32. Rxd4 exd4 33. Kg1 f6 34. Kf2 Kf7 35. Bd6 Ra8 36. Bc5 Rd8 37. Ke2 Ke6 38. Kd3 Ke5 39. Bb6 Rd5 40. Bc6 1-0

[Event "Tashkent Hokim Cup"]
[Site "Tashkent"]
[Date "2009.07.22"]
[Round "6"]
[White "Karimov, Ibragim"]
[Black "Shaymuratov, Inomjon"]
[Result "1-0"]
[WhiteElo "2357"]
[BlackElo "2237"]
[PlyCount "80"]
[EventDate "2009.07.17"]
[EventType "swiss"]
[EventRounds "9"]
[EventCountry "UZB"]
[SourceTitle "CBM 131 Extra"]
[Source "ChessBase"]
[SourceDate "2009.09.03"]
[SourceVersion "2"]
[SourceVersionDate "2009.09.16"]
[SourceQuality "1"]

1. e4 e6 2. d4 d5 3. Nc3 dxe4 4. Nxe4 Bd7 5. Nf3 Bc6 6. Ned2 Nf6 7. Nc4 Bxf3 8. Qxf3 Nc6 9. c3 Qd5 10. Be2 0-0-0 11. Bd2 Be7 12. 0-0-0 Ne4 13. Bf4 f5 14. h4 h6 15. h5 Nd6 16. Qxd5 exd5 17. Nxd6+ Bxd6 18. Bd2 Rhf8 19. Bd3 Rde8 20. Rdg1 Re7 21. f4 Nb8 22. b3 Kd8 23. c4 Ba3+ 24. Kc2 Nc6 25. Bc3 Nb4+ 26. Bxb4 Bxb4 27. c5 c6 28. g4 fxg4 29. Rxg4 Rff7 30. Rhg1 Ba5 31. a3 Bc7 32. f5 b6 33. b4 b5 34. a4 a6 35. axb5 axb5 36. Rg6 Kd7 37. R1g4 Bd8 38. Rd6+ Kc7 39. Rgg6 Kb8 40. Rxd8+ Kb7 1-0

[Event "UZB-ch U20"]
[Site "Tashkent"]
[Date "2007.09.19"]
[Round "7"]
[White "Shaymuratov, Inomjon"]
[Black "Tillyaev, Ulugbek"]
[Result "0-1"]
[WhiteElo "2188"]
[BlackElo "2033"]
[PlyCount "68"]
[EventDate "2007.09.13"]
[EventType "tourn"]
[EventRounds "9"]
[EventCountry "UZB"]
[SourceTitle "EXT 2015"]
[Source "ChessBase"]
[SourceDate "2014.11.20"]
[SourceVersion "1"]
[SourceVersionDate "2014.11.20"]
[SourceQuality "1"]

1. Nf3 d5 2. g3 c6 3. Bg2 Nf6 4. 0-0 e6 5. c4 Nbd7 6. b3 Be7 7. Bb2 0-0 8. d4 Ne4 9. Ne5 f5 10. f3 Nd6 11. e4 fxe4 12. fxe4 Nxe5 13. Rxf8+ Qxf8 14. dxe5 Nxe4 15. Bxe4 dxe4 16. Qe2 Bc5+ 17. Kg2 Qf3+ 18. Qxf3 exf3+ 19. Kh3 Bd7 20. Nd2 Rf8 21. Rf1 f2 22. Ne4 Be3 23. Kg2 c5 24. Nxf2 Bc6+ 25. Kg1 h5 26. Bc1 Rxf2 27. Rxf2 Bxc1 28. Kf1 Be3 29. Re2 Bd4 30. Ke1 Bf3 31. Rc2 Bxe5 32. a3 a5 33. Kf2 Bd1 34. Rd2 Bd4+ 0-1

[Event "UZB-ch U20"]
[Site "Tashkent"]
[Date "2007.09.18"]
[Round "6"]
[White "Karimov, Farukh"]
[Black "Shaymuratov, Inomjon"]
[Result "1-0"]
[WhiteElo "2254"]
[BlackElo "2188"]
[PlyCount "93"]
[EventDate "2007.09.13"]
[EventType "tourn"]
[EventRounds "9"]
[EventCountry "UZB"]
[SourceTitle "EXT 2015"]
[Source "ChessBase"]
[SourceDate "2014.11.20"]
[SourceVersion "1"]
[SourceVersionDate "2014.11.20"]
[SourceQuality "1"]

1. e4 e6 2. d4 b6 3. Nf3 Bb7 4. Bd3 Nf6 5. Qe2 c5 6. e5 Nd5 7. c4 Nc7 8. Be4 Bxe4 9. Qxe4 cxd4 10. Nxd4 Nba6 11. 0-0 d5 12. exd6 Bxd6 13. Nc3 0-0 14. Nc6 Qf6 15. Qd3 Bc5 16. Ne4 Qh4 17. Bg5 Qh5 18. Bf4 Ne8 19. a3 f5 20. Ng5 Rf6 21. b4 Bf8 22. Rfe1 Nac7 23. Re3 h6 24. Nf3 g5 25. Bxc7 Nxc7 26. Nfe5 Qe8 27. Nd7 Rf7 28. Nce5 Bg7 29. Nxf7 Bxa1 30. Nxh6+ Kh7 31. Nxf5 Rd8 32. Rh3+ Kg8 33. Nh6+ Kg7 34. Ng4 Qg6 35. Qxg6+ Kxg6 36. Rd3 Kf5 37. Ne3+ Kf4 38. g3+ Kf3 39. Ne5+ Bxe5 40. Rxd8 b5 41. c5 Ke4 42. h4 gxh4 43. gxh4 Nd5 44. Nxd5 exd5 45. Re8 d4 46. f4 Kxf4 47. Rxe5 1-0